| 000 | 00438ntaaa2200181 4500 | ||
|---|---|---|---|
| 003 | 01 | ||
| 005 | 20251027202054.0 | ||
| 008 | 0714s1973 ag 01 | ||
| 040 |
_aAR-BaBN _bspa _cAR-BaBN _eaacr _dRIC |
||
| 082 | _a252.0000 G76 | ||
| 100 |
_aGraham, Billy _9740 |
||
| 245 | _aCuatro mensajes por Billy Graham | ||
| 250 | _a1 ed. | ||
| 260 |
_aEl Paso : _bEditorial Sepa, _c1962 |
||
| 300 | _a30 p | ||
| 650 |
_asermones _9362 |
||
| 942 | _cBK | ||
| 999 |
_c15541 _d15541 |
||